| 000 | 01006nam a2200241 a 4500 | ||
|---|---|---|---|
| 001 | 39052 | ||
| 003 | BD-RjUL | ||
| 005 | 20211209052916.0 | ||
| 008 | 160404r20121990bg ||||e |||| 001 0 ben d | ||
| 020 |
_a9847000001802: _cTK.120.00 |
||
| 035 | _a(BD-RjUL)39163 | ||
| 040 |
_aBD-RjUL _bben _dBD-RjUL _cBD-RjUL |
||
| 041 | _aben | ||
| 082 |
_223 _a501 _bKHB 2012 |
||
| 100 |
_aখান, গালিব আহসান _9120544 |
||
| 245 | 1 | 0 |
_aবিঞ্জান পদ্ধতি ও প্রগতি / _cগালিব আহসান খান |
| 260 |
_aঢাকা : _bজাতীয় সাহিত্য প্রকাশ, _c১৯৯০ [২য়.পুর্ণ র্মুদ্রন ২০১২] |
||
| 300 |
_a৮০ পৃ. ; _c২১ সেমি. |
||
| 504 | _aগ্রন্থপঞ্জী, নির্ঘন্ট সংযুক্ত | ||
| 650 |
_aবিজ্ঞানের পদ্ধতি _9120545 |
||
| 650 |
_aScience Methodology _9120546 |
||
| 942 |
_2ddc _cBK |
||
| 999 |
_c39052 _d39052 |
||